rappers in movies - Statistics

General Stats
  • This quiz has been taken 379 times
    329 since last reset
  • The average score is 5 of 12
Answer Stats
Hint Answer % Correct
8 mile eminem
96%
three kings ice cube
62%
bones snoop dogg
58%
bullet tupac
41%
hustle and flow ludacris
33%
takers ti
32%
how high methodman
31%
set it off dr dre
29%
new jack city ice t
27%
lottery ticket bow wow
25%
ghost dog rza
11%
terminator salvation common
8%
No matching quizzes found
Score Distribution
Percent of People with Each Score
Percentile by Number Answered
Your Score History
You have not taken this quiz since the last reset